ARRUPE JESUIT UNIVERSITY

CORONAVIRUS -STOP THE SPREAD - CLEAN,DISINFECT,COVER

The great dialogue of nature and space. (Record no. 123371)

MARC details
000 -LEADER
fixed length control field 00912cam a2200289 4500
001 - CONTROL NUMBER
control field 3686389
003 - CONTROL NUMBER IDENTIFIER
control field ARRUPE
005 - DATE AND TIME OF LATEST TRANSACTION
control field 20150909161823.0
008 - FIXED-LENGTH DATA ELEMENTS--GENERAL INFORMATION
fixed length control field 701113s1970 nyu b 000 0 eng
010 ## - LIBRARY OF CONGRESS CONTROL NUMBER
LC control number 78121000
020 ## - INTERNATIONAL STANDARD BOOK NUMBER
International Standard Book Number 0873430352
040 ## - CATALOGING SOURCE
Original cataloging agency DLC
Transcribing agency DLC
Modifying agency DLC
050 00 - LIBRARY OF CONGRESS CALL NUMBER
Classification number BD581
Item number .S48 1970
082 00 - DEWEY DECIMAL CLASSIFICATION NUMBER
Classification number 111
300 ## - PHYSICAL DESCRIPTION
Dimensions 23 cm.
100 1# - MAIN ENTRY--PERSONAL NAME
Personal name Simon, Yves René Marie,
Dates associated with a name 1903-1961.
9 (RLIN) 19720
245 14 - TITLE STATEMENT
Title The great dialogue of nature and space.
Statement of responsibility, etc Edited by Gerard J. Dalcourt.
260 ## - PUBLICATION, DISTRIBUTION, ETC. (IMPRINT)
Place of publication, distribution, etc Albany, N.Y.,
Name of publisher, distributor, etc Magi Books
Date of publication, distribution, etc [1970]
300 ## - PHYSICAL DESCRIPTION
Extent xviii, 206 p.
504 ## - BIBLIOGRAPHY, ETC. NOTE
Bibliography, etc Includes bibliographical references.
650 #0 - SUBJECT ADDED ENTRY--TOPICAL TERM
Topical term or geographic name as entry element Philosophy of nature.
9 (RLIN) 17211
650 #0 - SUBJECT ADDED ENTRY--TOPICAL TERM
Topical term or geographic name as entry element Space and time.
9 (RLIN) 2213
650 #0 - SUBJECT ADDED ENTRY--TOPICAL TERM
Topical term or geographic name as entry element Science
General subdivision Philosophy.
9 (RLIN) 19721
650 #0 - SUBJECT ADDED ENTRY--TOPICAL TERM
Topical term or geographic name as entry element Change.
9 (RLIN) 19722
700 1# - ADDED ENTRY--PERSONAL NAME
Personal name Dalcourt, Gerard J.,
Dates associated with a name 1927-2012,
Relator term ed.
9 (RLIN) 19723
906 ## - LOCAL DATA ELEMENT F, LDF (RLIN)
a 7
b cbc
c orignew
d 2
e ncip
f 19
g y-gencatlg
942 ## - ADDED ENTRY ELEMENTS (KOHA)
Source of classification or shelving scheme Library of Congress Classification
Koha item type Monograph ( Printed materials)
Holdings
Withdrawn status Lost status Source of classification or shelving scheme Damaged status Not for loan Collection code Home library Current library Shelving location Date acquired Total Checkouts Full call number Barcode Date last seen Price effective from Koha item type
    Library of Congress Classification     Main Collection ARRUPE LIBRARY ARRUPE LIBRARY Main Collection 09/09/2015   BD581.S48 1970 46500004269 02/09/2016 09/09/2015 Monograph ( Printed materials)

 

Arrupe Library. PO Box MP320 Mt Pleasant, Harare, Zimbabwe
263 242 745411|librarian@aju.ac.zw